LIBRARY ONLINE CATALOGUE

Living as the people of God : (Record no. 7688)

MARC details
000 -LEADER
fixed length control field 00621cam a22001932 4500
001 - CONTROL NUMBER
control field 0000008680
005 - DATE AND TIME OF LATEST TRANSACTION
control field 20151217152039.0
008 - FIXED-LENGTH DATA ELEMENTS--GENERAL INFORMATION
fixed length control field 080513s xx 000 0 eng d
020 ## - INTERNATIONAL STANDARD BOOK NUMBER
International Standard Book Number 0851113206 :
Terms of availability KES 890
040 ## - CATALOGING SOURCE
Original cataloging agency KABU
Transcribing agency KABU
100 1# - MAIN ENTRY--PERSONAL NAME
Personal name Wright, Christopher J. H.
-- 0000159068
245 10 - TITLE STATEMENT
Title Living as the people of God :
Remainder of title the relevance of Old Testament ethics /
Statement of responsibility, etc. Christopher J. H. Wright.
260 ## - PUBLICATION, DISTRIBUTION, ETC. (IMPRINT)
Place of publication, distribution, etc. Leicester, England :
Name of publisher, distributor, etc. IVP,
Date of publication, distribution, etc. 1983.
300 ## - PHYSICAL DESCRIPTION
Extent 224 p.
650 #0 - SUBJECT ADDED ENTRY--TOPICAL TERM
Topical term or geographic name as entry element Bible. O. T.
General subdivision Commentaries.
-- 0000159357
908 ## - PUT COMMAND PARAMETER (RLIN)
Put command parameter 080513
950 ## - LOCAL HOLDINGS (RLIN)
-- 1
Holdings
Withdrawn status Lost status Source of classification or shelving scheme Not for loan Home library Current library Date acquired Total Checkouts Full call number Barcode Date last seen Price effective from Koha item type
    Library of Congress Classification   Kabarak, Main Campus Kabarak, Main Campus 17/12/2015   BS1151.2 .W75 008937 02/08/2024 17/12/2015 General Collection